000 00473nam a2200169 4500
001 136593
003 ES-MaACL
005 20230906195157.0
007 t|
008 070214s1913 xxk r ||||1| eng d
100 1 _aRussell, Harold.
_9101043
245 1 4 _aThe flea /
_cby Harold Russell.
260 _aCambridge :
_bUniversity Press,
_c1913.
300 _aVII, 125 p., lám. :
_bil. ;
_c17 cm.
710 2 _aUniversity of Cambridge.
_97505
852 _aES-MaACL
_jD-3248
999 _c136593
_d136593